000 00635nam a2200193Ia 4500
003 GCL
008 140319s9999 xx 000 0 ara d
040 _aGCL /
_cGCL
082 0 4 _a214
_bش ح
100 1 _aشوقى ضيف
245 1 0 _aالحضارة الاسلامية من القران والسنه /
_cشوقى ضيف
300 _a331 ص
490 _aالهيئة العامة للاستعلامات
_v0
650 0 4 _aالثقافة الاسلامية
650 0 4 _aالتعليم الدينى الاسلامى
650 0 4 _aالفقه الاسلامى، اصول
650 0 4 _aالقران الكريم
942 _2ddc
_cBK
999 _c51936
_d51936